| 000 | 00407nam a2200169Ia 4500 | ||
|---|---|---|---|
| 008 | 210719s1991 xx 000 0 und d | ||
| 041 | _aeng | ||
| 082 | _a050.954 VALI | ||
| 100 | _aVALLAMATTAM (John) | ||
| 245 | _aIndian currents year book 1992. Ed 1. | ||
| 250 | _a1 | ||
| 260 |
_aDelhi. _bIndian Currents., _c1991 |
||
| 300 |
_a175 _bPB |
||
| 365 |
_b40 _cRs |
||
| 650 | _aSerials | ||
| 906 | _aIndia | ||
| 999 |
_c213437 _d213437 |
||